| 000 | 00693nam a22002057a 4500 | ||
|---|---|---|---|
| 005 | 20180419100343.0 | ||
| 010 | _aENG-122517 | ||
| 020 |
_a9788171393886 _c900.00 |
||
| 035 | _aEN-106049 | ||
| 037 | _bDBAD/PUB. | ||
| 082 | _a660.6 | ||
| 100 | _aAzharul Haque | ||
| 245 |
_aBiotechnology, genetic manipulation biosafety and cbd / _cby Mohd. Azharul Haque [and] H. Rocky Singh |
||
| 260 |
_aNew Delhi _bJnanada Pekashan (P&D) _c2016 |
||
| 270 |
_a4837/2, 24, Ansari Road, Daryaganj, _bNew Delhi _e110003 _k011-23272047 |
||
| 300 |
_a317p. _bill. _c21cm.(Hb) |
||
| 500 | _aIncludes bibliography [and] index | ||
| 700 | _dH. Rocky Singh | ||
| 942 |
_2ddc _cEN _mAZH _h660.6 |
||
| 999 |
_c150884 _d150884 |
||